Regions i sector cultural a Europa : estudi comparat : Bèlgica, França, Itàlia, RFA i Espanya / Enric Fossas estudi comparat :
ISBN:
84-393-1354-3
Descripción Física:
216 p. ; 21 cm
Colección:
Institut d'Estudis Autonòmics ; 10
Otros Autores:
Institut d'Estudis Autonòmics (Catalunya)
Materias:
Europa -- Política cultural
MARC
| LEADER | 00000nam a2200000Ia 4500 | ||
|---|---|---|---|
| 001 | 18781 | ||
| 008 | 160829s1990 xx 000 0 cat d | ||
| 020 | |a 84-393-1354-3 | ||
| 080 | |a M-5-395 | ||
| 100 | |a Fossas Espadaler, Enric |9 1911 | ||
| 245 | |a Regions i sector cultural a Europa : |b estudi comparat : |b Bèlgica, França, Itàlia, RFA i Espanya / Enric Fossas | ||
| 260 | |a Barcelona : |b Generalitat de Catalunya. Institut d'Estudis Autonòmics, |c 1990 | ||
| 300 | |a 216 p. ; |c 21 cm | ||
| 490 | |a Institut d'Estudis Autonòmics ; 10 | ||
| 590 | |a Bibliografia. | ||
| 590 | |a Resums en castellà i anglès | ||
| 651 | 0 | |a Europa |x Política cultural |9 54186 | |
| 700 | |a Institut d'Estudis Autonòmics (Catalunya) |9 11016 | ||
| 901 | |a Arxiu | ||
| 942 | |n 1 | ||
| 952 | |0 0 |1 0 |4 0 |6 M5395 |7 1 |9 52920 |a Arxiu |b Arxiu |d 2016-12-01 |l 0 |o M-5-395 |p 18781 |r 2016-12-01 00:00:00 |w 2016-12-01 |y ARXIU | ||
| 999 | |c 56769 |d 56769 | ||